| 000 | 01172cam a22003497a 4500 | ||
|---|---|---|---|
| 003 | CHAP | ||
| 005 | 20220817043933.0 | ||
| 008 | 040507d2002 mx rffff 00110 spa d | ||
| 010 | _a88272 | ||
| 011 | _a89244 | ||
| 035 | _a99795 | ||
| 040 | _cCHAP | ||
| 090 | _aFolleto 16616 | ||
| 110 | 0 |
_aUACH. Dirección General de Administración _9115929 |
|
| 245 | 1 | 0 |
_aManual de procedimientos _c/por UACH |
| 260 |
_aChapingo, Méx. : _bUACH. Dirección General de Administración, _c2002. |
||
| 300 |
_a32 h : _bdiagramas |
||
| 590 |
_aBATCH-UPD _b10 _c20130110 _lUCH01 _h0028 |
||
| 590 |
_aBATCH-UPD _b10 _c20130110 _lUCH01 _h1231 |
||
| 590 |
_aBATCH-UPD _b10 _c20130409 _lUCH01 _h2009 |
||
| 590 |
_aBATCH-UPD _b10 _c20130410 _lUCH01 _h0801 |
||
| 590 |
_aBATCH-UPD _b10 _c20130914 _lUCH01 _h0839 |
||
| 590 |
_aCONVERSION _b10 _c20130109 _lUCH01 _h1349 |
||
| 650 | 1 | 4 |
_aCapacitación. _918690 |
| 650 | 1 | 4 |
_aManuales de procedimientos. _970675 |
| 650 | 1 | 4 | _aTrabajo y trabajadores. |
| 710 | 0 | _aUACH. Unidad de Planeación, Organización y Métodos. | |
| 901 | _aBK | ||
| 905 | _aMayto Villalobos S. | ||
| 942 | _cFOLL | ||
| 949 |
_aFolleto 16616 _bBC _cFOLL _d99795123 _eTS1 _i99795 _sb |
||
| 999 |
_c88272 _d88272 |
||